Дозирование сыпучих материалов; Физико-технические проблемы атомной энергетики и промышленности

Bibliographic Details
Parent link:Физико-технические проблемы атомной энергетики и промышленности.— 2005.— С. 131.
Main Author: Вильнин А. Д. Александр Даниилович
Other Authors: Ливенцов С. Н. Сергей Николаевич
Language:Russian
Published: 2005
Subjects:
Format: Book Chapter
KOHA link:https://koha.lib.tpu.ru/cgi-bin/koha/opac-detail.pl?biblionumber=83434

MARC

LEADER 00000naa2a2200000 4500
001 83434
005 20231225112028.0
035 |a (RuTPU)RU\TPU\book\89693 
090 |a 83434 
100 |a 20051017d2005 k y0rusy50 ca 
101 0 |a rus 
102 |a RU 
200 1 |a Дозирование сыпучих материалов  |f А. Д. Вильнин, С. Н. Ливенцов 
463 0 |0 (RuTPU)RU\TPU\book\86598  |y 5-7262-0526-S  |t Физико-технические проблемы атомной энергетики и промышленности  |o III Международная научно-практическая конференция, 7-8 июня 2005 г., Томск  |o сборник тезисов докладов  |f Томский политехнический университет  |v С. 131.  |d 2005  |p 190 с. 
610 1 |a дозирование 
610 1 |a сыпучие материалы 
610 1 |a оксиды урана 
610 1 |a фторирование 
610 1 |a химические реакторы 
610 1 |a труды учёных ТПУ 
700 1 |a Вильнин  |b А. Д.  |c специалист в области инновационных технологий и инженерного консалтинга  |c инжерер-проектировщик 1 категории Томского политехнического университета  |g Александр Даниилович  |3 (RuTPU)RU\TPU\pers\26511 
701 1 |a Ливенцов  |b С. Н.  |c специалист в области автоматического управления  |c профессор Томского политехнического университета, доктор технических наук  |f 1955-  |g Сергей Николаевич  |3 (RuTPU)RU\TPU\pers\25467  |9 11406 
801 1 |a RU  |b 63413507  |c 20051017  |g PSBO 
801 2 |a RU  |b 63413507  |c 20150813  |g RCR 
942 |c BK